000 00718nam a2200253Ia 4500
003 OSt
005 20221006143325.0
006 a|||||r|||| 00| 0
007 ta
008 221006b |||||||| |||| 00| 0 eng d
020 _c31.88
024 _a8,658
037 _cTextual
040 _aEASL
_cEASL
_beng
041 _2eng
_aeng
082 _aX9W.42.N7, L8
100 _aJHONSON Chalmers
_9649659
245 0 _aJapan's public policy companies
260 _aWashington
_bAmerican Enterprise Institute for Public Policy Research
_c1978
300 _a174p.
_ccm.
490 _v JEL
_aAEI-Hoover Policy Studies
942 _hX9W.42.N7, L8
_cTEXL
_2CC
999 _c1076744
_d1076744